Nuestra elección -un plan para resolver la crisis climática-

Saved in:
書目詳細資料
主要作者: Gore, Al (Author)
格式: 圖書
語言:西班牙语
出版: Barcelona Gedisa 2010
版:1a. ed
主題:
標簽: 添加標簽
沒有標簽, 成為第一個標記此記錄!

MARC

LEADER 00000nam a2200000 a 4500
001 UCG2540
003 CL-VaPUC
008 100708e20100200SP |||||||||||||||||spa|d
020 |a 9788497841856 
082 0 4 |a 551.6  |b GOR  |2 21 
100 |a Gore, Al  |e author  |9 550999 
245 1 0 |a Nuestra elección -un plan para resolver la crisis climática- 
250 |a 1a. ed 
300 |a 414 p 
942 |c BK 
945 |d 20100708 00:00:00  |a mfarfan 
260 |a Barcelona  |b Gedisa  |c 2010 
650 0 |a Calentamiento global  |9 262148 
650 0 |a Cambio climático  |9 428490 
650 0 |a Política ambiental  |9 262970 
650 0 |a Climatología   |9 262302 
650 0 |a Condiciones atmosféricas   |9 340107 
583 |a last modification  |c 20100708 00:00:00  |k Rodrigo Vera 
999 |c 341683  |d 341681 
952 |0 0  |1 0  |4 0  |6 551_600000000000000_GOR_2010  |7 0  |8 A  |9 437332  |a BIBENE  |b BIBENE  |d 2019-11-22  |i 4694015  |o 551.6 GOR 2010  |p 4694015  |r 2025-01-15  |w 2019-11-22  |y BK  |k ICO